Reason within the bounds of religion / (Record no. 123092)
[ view plain ]
| 000 -LEADER | |
|---|---|
| fixed length control field | 00933cam a2200289 a 4500 |
| 001 - CONTROL NUMBER | |
| control field | 4520819 |
| 005 - DATE AND TIME OF LATEST TRANSACTION | |
| control field | 20150826094358.0 |
| 008 - FIXED-LENGTH DATA ELEMENTS--GENERAL INFORMATION | |
| fixed length control field | 991019r19991984miu ab 000 0 eng d |
| 020 ## - INTERNATIONAL STANDARD BOOK NUMBER | |
| International Standard Book Number | 0802816045 |
| 035 ## - SYSTEM CONTROL NUMBER | |
| System control number | (OCoLC)83318286 |
| 035 ## - SYSTEM CONTROL NUMBER | |
| System control number | (OCoLC)ocm83318286 |
| 035 ## - SYSTEM CONTROL NUMBER | |
| System control number | (NNC)4520819 |
| 040 ## - CATALOGING SOURCE | |
| Original cataloging agency | NNUT |
| Transcribing agency | NNUT |
| 090 ## - LOCALLY ASSIGNED LC-TYPE CALL NUMBER (OCLC); LOCAL CALL NUMBER (OCLC) | |
| Classification number (OCLC) (R) ; Classification number, CALL (RLIN) (NR) | BD215 |
| Local cutter number (OCLC) ; Book number/undivided call number, CALL (RLIN) | .W65 1984a |
| 100 1# - MAIN ENTRY--PERSONAL NAME | |
| Personal name | Wolterstorff, Nicholas. |
| 9 (RLIN) | 18730 |
| 245 10 - TITLE STATEMENT | |
| Title | Reason within the bounds of religion / |
| Statement of responsibility, etc | by Nicholas Wolterstorff |
| 260 ## - PUBLICATION, DISTRIBUTION, ETC. (IMPRINT) | |
| Place of publication, distribution, etc | Grand Rapids, Mich. : |
| Name of publisher, distributor, etc | Eerdmans, |
| Date of publication, distribution, etc | 1999 |
| 300 ## - PHYSICAL DESCRIPTION | |
| Extent | 161 p. ; |
| Dimensions | 18 cm |
| 500 ## - GENERAL NOTE | |
| General note | Reprint. Originally published: 2nd ed. -- Grand Rapid, Mich. : Eerdmans, 1984 |
| 504 ## - BIBLIOGRAPHY, ETC. NOTE | |
| Bibliography, etc | Includes bibliographical references |
| 650 #0 - SUBJECT ADDED ENTRY--TOPICAL TERM | |
| Topical term or geographic name as entry element | Belief and doubt. |
| 9 (RLIN) | 18731 |
| 650 #0 - SUBJECT ADDED ENTRY--TOPICAL TERM | |
| Topical term or geographic name as entry element | Theory (Philosophy) |
| 9 (RLIN) | 18464 |
| 650 #0 - SUBJECT ADDED ENTRY--TOPICAL TERM | |
| Topical term or geographic name as entry element | Philosophy and religion. |
| 9 (RLIN) | 18732 |
| 650 #0 - SUBJECT ADDED ENTRY--TOPICAL TERM | |
| Topical term or geographic name as entry element | Thought and thinking. |
| 9 (RLIN) | 6272 |
| 942 ## - ADDED ENTRY ELEMENTS (KOHA) | |
| Source of classification or shelving scheme | Library of Congress Classification |
| Item type | Electronic Resources |
| Withdrawn status | Lost status | Source of classification or shelving scheme | Damaged status | Not for loan | Collection code | Home library | Current library | Shelving location | Date acquired | Total Checkouts | Full call number | Barcode | Date last seen | Date last borrowed | Price effective from | Koha item type |
|---|---|---|---|---|---|---|---|---|---|---|---|---|---|---|---|---|
| Library of Congress Classification | Main Collection | ARRUPE LIBRARY | ARRUPE LIBRARY | Main Collection | 26/08/2015 | 2 | BD215.W65 | 46004004781 | 18/01/2022 | 06/12/2021 | 26/08/2015 | Monograph ( Printed materials) |